MARC details
| 000 -LEADER |
| fixed length control field |
01562cam a2200373Ii 4500 |
| 001 - CONTROL NUMBER |
| control field |
48541440 |
| 003 - CONTROL NUMBER IDENTIFIER |
| control field |
OCoLC |
| 005 - DATE AND TIME OF LATEST TRANSACTION |
| control field |
20200829133738.0 |
| 008 - FIXED-LENGTH DATA ELEMENTS--GENERAL INFORMATION |
| fixed length control field |
011205s2001 mx a j 000 1 spa d |
| 020 ## - INTERNATIONAL STANDARD BOOK NUMBER |
| International Standard Book Number |
9702001757 |
| 020 ## - INTERNATIONAL STANDARD BOOK NUMBER |
| International Standard Book Number |
9789702001751 |
| 040 ## - CATALOGING SOURCE |
| Original cataloging agency |
TAI |
| Transcribing agency |
TAI |
| Modifying agency |
BKL |
| -- |
PL# |
| -- |
OCLCQ |
| -- |
BAKER |
| -- |
MVP |
| 041 ## - LANGUAGE CODE |
| Language code of text/sound track or separate title |
spa |
| 100 1# - MAIN ENTRY--PERSONAL NAME |
| Personal name |
Casas Avila, Juan. |
| Authority record control number |
http://id.loc.gov/authorities/names/no2002054441. |
| 245 10 - TITLE STATEMENT |
| Title |
Dos casos de casas y algunas otras cosas / |
| Statement of responsibility, etc. |
Juan Casas Avila ; ilustraciones, Leticia Serrano Jimenez. |
| 250 ## - EDITION STATEMENT |
| Edition statement |
1. ed. |
| 260 ## - PUBLICATION, DISTRIBUTION, ETC. (IMPRINT) |
| Place of publication, distribution, etc. |
Monterrey, Nuevo Leon, Mexico : |
| Name of publisher, distributor, etc. |
Ediciones Castillo, |
| Date of publication, distribution, etc. |
2001. |
| 264 #1 - PRODUCTION, PUBLICATION, DISTRIBUTION, MANUFACTURE, AND COPYRIGHT NOTICE |
| Place of production, publication, distribution, manufacture |
Monterrey, Nuevo Leon, Mexico : |
| Name of producer, publisher, distributor, manufacturer |
Ediciones Castillo, |
| Date of production, publication, distribution, manufacture, or copyright notice |
2001. |
| 300 ## - PHYSICAL DESCRIPTION |
| Extent |
70 p. : |
| Other physical details |
col. ill. ; |
| Dimensions |
19 cm. |
| 336 ## - CONTENT TYPE |
| Content type term |
text |
| Content type code |
txt |
| Source |
rdacontent. |
| 337 ## - MEDIA TYPE |
| Media type term |
unmediated |
| Media type code |
n |
| Source |
rdamedia. |
| 338 ## - CARRIER TYPE |
| Carrier type term |
volume |
| Carrier type code |
nc |
| Source |
rdacarrier. |
| 490 1# - SERIES STATEMENT |
| Series statement |
Castillo de la lectura. |
| 500 ## - GENERAL NOTE |
| General note |
"Serie verde"--P. [4] of cover. |
| 520 ## - SUMMARY, ETC. |
| Summary, etc. |
Discover daily life from the points-of-view of the house in a small village. |
| 521 8# - TARGET AUDIENCE NOTE |
| Target audience note |
7 a©łos en adelante. |
| 650 #1 - SUBJECT ADDED ENTRY--TOPICAL TERM |
| Topical term or geographic name as entry element |
Dwellings |
| Form subdivision |
Fiction. |
| Authority record control number |
http://id.loc.gov/authorities/subjects/sh2008102341. |
| 650 #7 - SUBJECT ADDED ENTRY--TOPICAL TERM |
| Topical term or geographic name as entry element |
Viviendas |
| Form subdivision |
Novela. |
| Source of heading or term |
bidex. |
| 655 #7 - INDEX TERM--GENRE/FORM |
| Genre/form data or focus term |
Spanish language materials. |
| Source of term |
lcgft. |
| 655 #7 - INDEX TERM--GENRE/FORM |
| Genre/form data or focus term |
Fiction. |
| Source of term |
lcgft |
| Authority record control number |
http://id.loc.gov/authorities/genreForms/gf2014026339. |
| 700 1# - ADDED ENTRY--PERSONAL NAME |
| Personal name |
Serrano Jimenez, Leticia, |
| Authority record control number |
http://id.loc.gov/authorities/names/no2002054442 |
| Relator term |
illustrator. |
| 830 #0 - SERIES ADDED ENTRY--UNIFORM TITLE |
| Uniform title |
Castillo de la lectura. |
| Authority record control number |
http://id.loc.gov/authorities/names/nr2002028897. |
| 942 ## - ADDED ENTRY ELEMENTS (KOHA) |
| Koha item type |
Libro/Book |